| 000 | 01991cam0 2200409 ib4500 | ||
|---|---|---|---|
| 001 | BY-MI0003-br141944 | ||
| 005 | 20250813094304.0 | ||
| 010 |
^a978-5-389-08259-5 ^bв переплете |
||
| 100 | ^a20250624d2025 d y0rusy50 ca | ||
| 101 | 1 |
^arus ^cita |
|
| 102 | ^aRU | ||
| 105 | ^aa z 000fy | ||
| 109 | ^ama | ||
| 200 | 1 |
^aАгата Мистери. Убийство на Эйфелевой башне ^e[роман ^eдля среднего школьного возраста] ^fСтив Стивенсон ^gперевод с итальянского Е. Даровской ^gиллюстрации С. Туркони |
|
| 210 |
^aСанкт-Петербург ^cАзбука ^cАзбука-Аттикус ^d[2025] |
||
| 215 |
^a124, [2] с. ^cил. ^d22 см |
||
| 225 | 1 |
^aСерия "Девочка-детектив" ^vкн. 5 |
|
| 333 | ^a6+ | ||
| 345 | ^92000 экз. | ||
| 606 |
^aХУДОЖЕСТВЕННАЯ ЛИТЕРАТУРА ^3BY-NLB-ar37179 ^2DVNLB |
||
| 606 |
^aЗАРУБЕЖНАЯ ЛИТЕРАТУРА ^3BY-NLB-ar10779 ^2DVNLB |
||
| 606 |
^aИТАЛЬЯНСКАЯ ЛИТЕРАТУРА ^3BY-NLB-ar12480 ^2DVNLB |
||
| 608 |
^3BY-NLB-ar9019 ^aДЕТСКАЯ ЛИТЕРАТУРА (лит. произведение) ^2BYGNR |
||
| 608 |
^aДЕТСКАЯ И ЮНОШЕСКАЯ ЛИТЕРАТУРА (художеств. произведение) ^3BY-NLB-ar9019 ^2BYGNR |
||
| 608 |
^aПРОЗА (лит. произведение) ^3BY-NLB-ar2648148 ^2BYGNR |
||
| 608 |
^aРОМАН ^3BY-NLB-ar92012 ^2BYGNR |
||
| 686 |
^a84(4Ита) ^2rubbk |
||
| 690 |
^a1 ^2Base ^9BY-MI0003 ^xRSEK |
||
| 700 | 1 |
^aСтивенсон ^bС. ^gСтив |
|
| 702 | 1 |
^aДаровская ^bЕ. ^gЕкатерина ^3BY-SEK-ar5676870 ^4730 |
|
| 702 | 1 |
^aТуркони ^bС. ^gСтефано ^4440 |
|
| 801 | 0 |
^aBY ^bBY-MI0003 ^c20250624 ^gRCR |
|
| 035 | ^a(BY-MI0003)BY-MI0003-br141944 | ||
| 899 | 0 |
^aBY-MI0003 ^iС 80 ^h84(4Ита) ср. |
|